Phase I-I MBBS Competency Curriculam Based Biochemistry Practical Manual/ (Record no. 203072)

MARC details
000 -LEADER
fixed length control field 00957nam a22002897a 4500
005 - DATE AND TIME OF LATEST TRANSACTION
control field 20240521125950.0
010 ## - LCCN (DPL NO)
LC control number ENG-140387
020 ## - INTERNATIONAL STANDARD BOOK NUMBER
International Standard Book Number 9789394609204
Terms of availability 225.00
035 ## - SYSTEM CONTROL NUMBER
System control number EN-123919
037 ## - SOURCE OF ACQUISITION
Source of stock number/acquisition DBAD
082 ## - DEWEY DECIMAL CLASSIFICATION NUMBER
Classification number 572
100 ## - MAIN ENTRY--PERSONAL NAME
Personal name Shanthi, B
245 ## - TITLE STATEMENT
Title Phase I-I MBBS Competency Curriculam Based Biochemistry Practical Manual/
Statement of responsibility, etc By B. Shanthi...[et.al]
260 ## - PUBLICATION, DISTRIBUTION, ETC. (IMPRINT)
Place of publication, distribution, etc Tamil Nadu
Name of publisher, distributor, etc Department Of Biochemistry Sree Balaji Medical College & Hospital
Date of publication, distribution, etc 2022
270 ## - ADDRESS
Address Chromepet, Chennai
City Tamil Nadu
Postal code 600044
300 ## - PHYSICAL DESCRIPTION
Extent 97p.
Dimensions 28cm(pb)
700 ## - ADDED ENTRY--PERSONAL NAME
Personal name Selvi, V.S Kalai
9 (RLIN) 66582
700 ## - ADDED ENTRY--PERSONAL NAME
Personal name Sumathi, K
9 (RLIN) 66583
700 ## - ADDED ENTRY--PERSONAL NAME
Personal name Chandrika, A. Mary
9 (RLIN) 66584
700 ## - ADDED ENTRY--PERSONAL NAME
Personal name Shenbagalalitha, S
9 (RLIN) 66585
700 ## - ADDED ENTRY--PERSONAL NAME
Personal name Sridevi, Chaganti
9 (RLIN) 66586
700 ## - ADDED ENTRY--PERSONAL NAME
Personal name Rani, A.Jamuna
9 (RLIN) 66587
700 ## - ADDED ENTRY--PERSONAL NAME
Personal name V.P, Nivedhini
9 (RLIN) 66588
700 ## - ADDED ENTRY--PERSONAL NAME
Personal name Vasudeven, E
9 (RLIN) 66589
700 ## - ADDED ENTRY--PERSONAL NAME
Personal name Mahalakshmi, M
9 (RLIN) 66590
942 ## - ADDED ENTRY ELEMENTS (KOHA)
Source of classification or shelving scheme Dewey Decimal Classification
Item type English Books
Classification part 572
Call number suffix SHA
Holdings
Withdrawn status Lost status Not for loan Collection code Home library Current library Date acquired Source of acquisition Cost, normal purchase price Full call number Barcode Copy number Cost, replacement price Koha item type
      Non-fiction Patel Nagar Patel Nagar 21/05/2024 DBAD 225.00 572 SHA EN-123919 1 225.00 English Books

© Delhi Public Library
Hit Counter
free hit counter